Hospodářské ukazatele v soustavě řízení podniku /
Salvato in:
| Autore principale: | |
|---|---|
| Natura: | Libro |
| Lingua: | ceco |
| Pubblicazione: |
Praha :
Svoboda,
1986
|
| Tags: |
Nessun Tag, puoi essere il primo ad aggiungerne!!
|
MARC
| LEADER | 00000nam a22000003a 4500 | ||
|---|---|---|---|
| 001 | stu44147 | ||
| 005 | 20150617225718.7 | ||
| 008 | 950131s1986----cs------------------cze-d | ||
| 040 | |a STU |b slo | ||
| 041 | 0 | |a cze | |
| 044 | |a cs | ||
| 100 | 1 | |a Voráč, Přemysl |4 aut | |
| 245 | 1 | |a Hospodářské ukazatele v soustavě řízení podniku / |c [aut.]Přemysl Voráč | |
| 260 | |a Praha : |b Svoboda, |c 1986 | ||
| 300 | |a 149 s | ||
| 996 | |b 284M014467 |c M*6554-1 |l MMKN |s A |a 24 |w stu44147_0001 | ||
| 996 | |b 284M014466 |c M*6554-2 |l MMKN |s A |a 24 |w stu44147_0002 | ||